Eliminate stress from your life forever : (Record no. 331023)

000 -LEADER
fixed length control field 01345cam a22003134a 4500
001 - CONTROL NUMBER
control field 13357415
003 - CONTROL NUMBER IDENTIFIER
control field NUST
005 - DATE AND TIME OF LATEST TRANSACTION
control field 20180117090030.0
008 - FIXED-LENGTH DATA ELEMENTS--GENERAL INFORMATION
fixed length control field 030930s2004 nyu b 001 0 eng
010 ## - LIBRARY OF CONGRESS CONTROL NUMBER
LC control number 2003021523
020 ## - INTERNATIONAL STANDARD BOOK NUMBER
International Standard Book Number 0814472338
040 ## - CATALOGING SOURCE
Original cataloging agency DLC
Transcribing agency DLC
Modifying agency DLC
042 ## - AUTHENTICATION CODE
Authentication code pcc
050 00 - LIBRARY OF CONGRESS CALL NUMBER
Classification number RA785
Item number .A86 2004
082 00 - DEWEY DECIMAL CLASSIFICATION NUMBER
Classification number 155.9/042
Edition number 22
100 1# - MAIN ENTRY--PERSONAL NAME
Personal name Atkinson, William,
Dates associated with a name 1951-
9 (RLIN) 4414
245 10 - TITLE STATEMENT
Title Eliminate stress from your life forever :
Remainder of title a simple program for better living /
Statement of responsibility, etc. William Atkinson.
260 ## - PUBLICATION, DISTRIBUTION, ETC.
Place of publication, distribution, etc. New York :
Name of publisher, distributor, etc. AMACOM, American Management Association,
Date of publication, distribution, etc. c2004.
300 ## - PHYSICAL DESCRIPTION
Extent xvi, 171 p. ;
Dimensions 23 cm.
504 ## - BIBLIOGRAPHY, ETC. NOTE
Bibliography, etc. note Includes bibliographical references (p. 159-164 ) and index.
650 #0 - SUBJECT ADDED ENTRY--TOPICAL TERM
Topical term or geographic name entry element Stress management.
9 (RLIN) 4303
650 #0 - SUBJECT ADDED ENTRY--TOPICAL TERM
Topical term or geographic name entry element Stress (Psychology)
General subdivision Prevention.
9 (RLIN) 4415
650 #0 - SUBJECT ADDED ENTRY--TOPICAL TERM
Topical term or geographic name entry element Relaxation.
9 (RLIN) 4416
856 41 - ELECTRONIC LOCATION AND ACCESS
Materials specified Table of contents
Uniform Resource Identifier <a href="http://www.loc.gov/catdir/toc/ecip049/2003021523.html">http://www.loc.gov/catdir/toc/ecip049/2003021523.html</a>
906 ## - LOCAL DATA ELEMENT F, LDF (RLIN)
a 7
b cbc
c orignew
d 1
e ecip
f 20
g y-gencatlg
942 ## - ADDED ENTRY ELEMENTS (KOHA)
Source of classification or shelving scheme
Koha item type Book
Holdings
Withdrawn status Lost status Source of classification or shelving scheme Damaged status Not for loan Permanent Location Current Location Shelving location Date acquired Total Checkouts Total Renewals Full call number Barcode Date last seen Date last checked out Price effective from Koha item type
          Central Library (CL) Central Library (CL) General Stacks 08/29/2017 2 2 158.1 ATK S3H-C-118 06/24/2024 10/26/2021 08/29/2017 Book
© 2023 Central Library, National University of Sciences and Technology. All Rights Reserved.